000 00286 a2200109 4500
001 123087
020 _a9798574973189
040 _cEscola Canadense de Niteroi
100 _aMinozzo, Edson Leandro
245 1 0 _aEscola Segura: Prevenção de Acidentes e Primeiros Socorros
942 _cREF
999 _c123087
_d123087